Osudoví kamarádi. Tajemný lektvar /
Další pohádkový příběh malé Majky, jejích kamarádek a zvířátek z kouzelného lesa.
Uloženo v:
| Série: | Osudoví kamarádi,
část 6 |
|---|---|
| Hlavní autor: | |
| Další autoři: | , |
| Médium: | E-kniha |
| Jazyk: | Czech |
| Vydáno: |
V Praze :
Mladá fronta,
2024
|
| Vydání: | 1. vydání |
| Témata: | |
| Příbuzné jednotky: | Přeloženo z:
Star friends Z cyklu:: Osudoví kamarádi |
| Tagy: |
Žádné tagy |
| LEADER | 02656nam a2200529 i 4500 | ||
|---|---|---|---|
| 001 | 312552 | ||
| 003 | CZ PrSKC | ||
| 005 | 20260601215724.0 | ||
| 007 | ta | ||
| 008 | 241017s2024 xr a b 000 j cze | ||
| 015 | |a cnb003637194 | ||
| 020 | |a 9788020463999 |q (vázáno) : |c Kč 299,00 | ||
| 035 | |a (OCoLC)1477951272 | ||
| 040 | |a ABG001 |b cze |e rda | ||
| 041 | 1 | |a cze |h eng | |
| 072 | 7 | |a 821.111-3 |x Anglická próza, anglicky psaná |2 Konspekt | |
| 072 | 7 | |a 821-93 |x Literatura pro děti a mládež (beletrie) |2 Konspekt | |
| 080 | |a 821.111-32 |2 MRF | ||
| 080 | |a 821-93 |2 MRF | ||
| 080 | |a (0:82-32) |2 MRF | ||
| 100 | 1 | |a Chapman, Linda, |d 1969- |7 jo2008479179 |4 aut | |
| 240 | 1 | 0 | |a Poison potion. |l Česky |
| 245 | 1 | 0 | |a Osudoví kamarádi. |p Tajemný lektvar / |c Linda Chapmanová ; ilustrovala Lucy Flemingová ; přeložila Šárka Dvořáková Tripesová |
| 246 | 3 | 0 | |a Tajemný lektvar |
| 250 | |a 1. vydání | ||
| 264 | 1 | |a V Praze : |b Mladá fronta, |c 2024 | |
| 300 | |a 173 stran : |b ilustrace ; |c 21 cm | ||
| 336 | |a text |b txt |2 rdacontent | ||
| 337 | |a bez média |b n |2 rdamedia | ||
| 338 | |a svazek |b nc |2 rdacarrier | ||
| 500 | |a Přeloženo z angličtiny | ||
| 520 | 2 | |a Další pohádkový příběh malé Majky, jejích kamarádek a zvířátek z kouzelného lesa. |b Dospělí v malém pobřežním městečku, kde kamarádky Majka, Lotka, Róza a Ivet bydlí, se najednou začnou chovat jako děti. Osudoví kamarádi jsou tím znepokojení a mají podezření, že temné síly opět udeřily. Kdo je ale na vině tentokrát a o co usiluje? K tomu, aby téhle záhadě přišly dívky na kloub, budou tentokrát potřebovat více než jen kouzla. Nakladatelská anotace. | |
| 521 | 8 | |a Pro děti od 6 let | |
| 655 | 7 | |a anglické příběhy |7 fd131813 |2 czenas | |
| 655 | 7 | |a publikace pro děti |7 fd133156 |2 czenas | |
| 655 | 9 | |a English stories |2 eczenas | |
| 655 | 9 | |a children's literature |2 eczenas | |
| 700 | 1 | |a Fleming, Lucy |7 xx0239406 |4 ill | |
| 700 | 1 | |a Dvořáková Tripesová, Šárka |7 xx0210175 |4 trl | |
| 765 | 0 | |t Star friends | |
| 787 | 0 | 8 | |i Z cyklu: |t Osudoví kamarádi |g 6 |
| 900 | |a ABA001 |b 20 | ||
| 928 | 9 | |a Albatros Media - Mladá fronta | |
| 044 | |a xr | ||
| 910 | |a RBIT002 | ||
| 998 | |d 415212 |a https://core.palmknihy.cz/api/books/415212/cover?sm8wsq |b https://core.palmknihy.cz/api/books/415212/cover/400?sm8wsq |c https://core.palmknihy.cz/api/books/415212/cover/50?sm8wsq |e 2030-06-07 |g 176 |i 9788020463999 |j https://core.palmknihy.cz/api/books/415212/preview.epub |k https://core.palmknihy.cz/api/books/415212/preview.pdf |l |q 49 |r 1 |s https://www.palmknihy.cz/kniha/415212 |t ebook |y 2024 |z 0 |v Osudoví kamarádi |w 6 | ||
| 999 | |d 312550 | ||